000 01361nam a22001937a 4500
005 20150925092649.0
008 150925b xxu||||| |||| 00| 0 eng d
040 _aANE
041 _aEs
082 _aRAD-229
100 _aKronfle, María Cristina
_e asambleísta por el Partido Social Cristiano-Madera de Guerrero
245 _aDebate sobre Ley de Prevención de Drogas
260 _aQuito
_bRadio Quito
_c2015-09-24
300 _ap.
520 _aMaría Cristina Kronfle, asambleísta por el Partido Social Cristiano-Madera de Guerrero, y María Alejandra Vicuña, legisladora de Alianza PAIS, debatieron acerca del proyecto de Ley de Prevención Integral del Fenómeno Socio Económico de las Drogas y de Regulación y Control del Uso de Sustancias Catalogadas Sujetas a Fiscalización, dando a conocer que en el Legislativo se han tenido grandes avances para remediar esta problemática que vive el país.
650 _aproyecto ley/Asamblea Nacional/ Partido Social Cristiano-Madera de Guerrero/Alianza País/Radio Quito/debate/proyecto de Ley de Prevención Integral del Fenómeno Socio Económico de las Drogas/Regulación y Control del Uso de Sustancias Catalogadas Sujetas a Fiscalización/Asamblea/grandes avances/remediar prblemática país/
700 _aVicuña, María Alejandra
_elegisladora de Alianza PAIS
942 _2ddc
_cVM
_zIES.
999 _c30954
_d30954